[Event "51st National Challengers (National â€˜Bâ€™) Chess Cha"]
[Site "Bhopal, Madhya Pradesh-India"]
[Date "2013.10.14"]
[Round "3"]
[Board "42"]
[White "Gokhale, Chandrashekhar"]
[Black "Basu, Suman"]
[Result "1/2-1/2"]
[WhiteElo "2276"]
[BlackElo "2067"]
[PlyCount "47"]
[EventDate "2013.10.12"]
[EventRounds "13"]
[EventCountry "IND"]

1. d4 Nf6 2. Nf3 d5 3. Bf4 e6 4. e3 c5 5. c3 Nc6 6. Nbd2 cxd4 7. exd4 Bd6 8.
Bg5 Rb8 9. Bd3 O-O 10. O-O b5 11. a3 a5 12. Rc1 h6 13. Bh4 Bd7 14. Re1 Qc7 15.
Bb1 Nh7 16. Bg3 f5 17. Bxd6 Qxd6 18. Ne5 Nxe5 19. dxe5 Qe7 20. b4 a4 21. Nf3 g5
22. Nd4 g4 23. Bd3 Ng5 24. Qe2 1/2-1/2

[Event "51st National Challengers (National â€˜Bâ€™) Chess Cha"]
[Site "Bhopal, Madhya Pradesh-India"]
[Date "2013.10.14"]
[Round "3"]
[Board "47"]
[White "Abhishek, Das"]
[Black "Shane, Alvarin Braganca"]
[Result "1-0"]
[WhiteElo "2228"]
[BlackElo "1659"]
[PlyCount "51"]
[EventDate "2013.10.12"]
[EventRounds "13"]
[EventCountry "IND"]

1. e4 e6 2. d4 d5 3. Nc3 Bb4 4. Nge2 dxe4 5. a3 Bxc3+ 6. Nxc3 f5 7. f3 exf3 8.
Qxf3 Nf6 9. Bg5 O-O 10. O-O-O c6 11. Bc4 h6 12. Bh4 Kh8 13. Rhe1 Qe8 14. Re2 g5
15. Bg3 Qf7 16. Be5 Kg8 17. h4 Ng4 18. hxg5 hxg5 19. Rh1 Nxe5 20. Rxe5 Kg7 21.
Qe3 Qg6 22. Bxe6 Nd7 23. Bxd7 Bxd7 24. Re7+ Rf7 25. Qe5+ Kf8 26. Rh8+ 1-0

[Event "51st National Challengers (National â€˜Bâ€™) Chess Cha"]
[Site "Bhopal, Madhya Pradesh-India"]
[Date "2013.10.14"]
[Round "3"]
[Board "48"]
[White "Kranti, Kumar P."]
[Black "Ravi, Teja S."]
[Result "0-1"]
[WhiteElo "1953"]
[BlackElo "2285"]
[PlyCount "51"]
[EventDate "2013.10.12"]
[EventRounds "13"]
[EventCountry "IND"]

1. e4 c6 2. d4 d5 3. exd5 cxd5 4. Bd3 Nc6 5. c3 Qc7 6. h3 Nf6 7. Nf3 g6 8. O-O
Bg7 9. Re1 Bf5 10. Ne5 Bxd3 11. Nxd3 Nh5 12. a4 O-O 13. Na3 a6 14. Qf3 Rfd8 15.
Nc2 Nf6 16. Bf4 Qd7 17. Nc5 Qc8 18. a5 h6 19. Na4 Qf5 20. Ne3 Qe4 21. Nb6 Qxf3
22. gxf3 Ra7 23. Bc7 Rf8 24. Nexd5 Nxd5 25. Nxd5 e6 26. Nf6+ 0-1

[Event "51st National Challengers (National â€˜Bâ€™) Chess Cha"]
[Site "Bhopal, Madhya Pradesh-India"]
[Date "2013.10.14"]
[Round "3"]
[Board "49"]
[White "Mohota, Nisha"]
[Black "Singh, Soram Rahul"]
[Result "1-0"]
[WhiteElo "2283"]
[BlackElo "1953"]
[PlyCount "41"]
[EventDate "2013.10.12"]
[EventRounds "13"]
[EventCountry "IND"]

1. d4 Nf6 2. c4 g6 3. Nc3 Bg7 4. e4 d6 5. Bd3 O-O 6. Nge2 c5 7. d5 e6 8. O-O
exd5 9. cxd5 a6 10. a4 Re8 11. Ng3 Nbd7 12. f4 h5 13. e5 dxe5 14. f5 c4 15.
Bxc4 Qb6+ 16. Kh1 Ng4 17. Qe2 Ndf6 18. h3 Nh6 19. fxg6 fxg6 20. Bxh6 Bxh6 21.
d6+ 1-0

[Event "51st National Challengers (National â€˜Bâ€™) Chess Cha"]
[Site "Bhopal, Madhya Pradesh-India"]
[Date "2013.10.14"]
[Round "3"]
[Board "53"]
[White "Kumaran, B"]
[Black "Godbole, Atharva"]
[Result "1/2-1/2"]
[WhiteElo "2258"]
[BlackElo "1942"]
[PlyCount "51"]
[EventDate "2013.10.12"]
[EventRounds "13"]
[EventCountry "IND"]

1. e4 e5 2. Nf3 Nc6 3. Bb5 a6 4. Ba4 Nf6 5. O-O Nxe4 6. d4 d5 7. dxe5 Be6 8. c3
Bc5 9. Nbd2 O-O 10. Bc2 Nxf2 11. Rxf2 f5 12. exf6 Bxf2+ 13. Kxf2 Qxf6 14. Kg1
Rae8 15. Nf1 Ne5 16. Be3 Nxf3+ 17. Qxf3 Qxf3 18. gxf3 Rxf3 19. Rd1 Rf7 20. Bb3
c6 21. Kg2 Bf5 22. Re1 Bd3 23. Ng3 Rfe7 24. Kf2 Rf7+ 25. Kg2 Rfe7 26. Kf2
1/2-1/2

[Event "51st National Challengers (National â€˜Bâ€™) Chess Cha"]
[Site "Bhopal, Madhya Pradesh-India"]
[Date "2013.10.15"]
[Round "4"]
[Board "1"]
[White "Das, Sayantan"]
[Black "Vishnu, Prasanna. V"]
[Result "0-1"]
[WhiteElo "2366"]
[BlackElo "2496"]
[PlyCount "98"]
[EventDate "2013.10.12"]
[EventRounds "13"]
[EventCountry "IND"]

1. e4 c5 2. Nf3 d6 3. d4 Nf6 4. Nc3 cxd4 5. Nxd4 a6 6. Be2 e5 7. Nb3 Be7 8. Bg5
Be6 9. Bxf6 Bxf6 10. Qd3 Nc6 11. O-O-O Nd4 12. Nxd4 exd4 13. Nd5 Bxd5 14. exd5
O-O 15. Qf3 d3 16. Rxd3 Rc8 17. Rb3 Re8 18. Kb1 b5 19. a3 Re5 20. Rd1 Qe8 21.
Bd3 Rc5 22. h4 Qe7 23. g3 g6 24. Bf1 Rf5 25. Qg2 Rfxd5 26. Bd3 a5 27. f4 b4 28.
Qe2 Qd8 29. Re1 Rc8 30. a4 Rdc5 31. h5 Rxh5 32. Ba6 Ra8 33. g4 Rc5 34. g5 Bg7
35. Re3 d5 36. Bb5 Qd6 37. Qh2 Rcc8 38. Rh3 Qc5 39. Rd1 Rc7 40. Rxh7 Rac8 41.
Rd2 b3 42. c3 Qe3 43. Re2 Qf3 44. Re1 Re7 45. Rc1 Qe4+ 46. Ka1 Rc4 47. Rxg7+
Kxg7 48. Bxc4 Qxc4 49. Rh1 Qxa4+ 0-1

[Event "51st National Challengers (National â€˜Bâ€™) Chess Cha"]
[Site "Bhopal, Madhya Pradesh-India"]
[Date "2013.10.15"]
[Round "4"]
[Board "2"]
[White "Krishna, C.R.G."]
[Black "Ashwin, Jayaram"]
[Result "0-1"]
[WhiteElo "2340"]
[BlackElo "2461"]
[PlyCount "74"]
[EventDate "2013.10.12"]
[EventRounds "13"]
[EventCountry "IND"]

1. d4 Nf6 2. c4 e6 3. g3 c5 4. d5 exd5 5. cxd5 d6 6. Nc3 g6 7. Bg2 Bg7 8. Nf3
O-O 9. O-O Re8 10. Nd2 Nbd7 11. h3 Nh5 12. Nc4 Ne5 13. Nxe5 Bxe5 14. e4 b5 15.
Ne2 Bg7 16. g4 Nf6 17. Qc2 h5 18. g5 Nxe4 19. Bxe4 Bxh3 20. Re1 Re5 21. Bf4
Rxg5+ 22. Bxg5 Qxg5+ 23. Kh1 Qh4 24. Kg1 Qg4+ 25. Kh2 Qh4 26. Kg1 Qg5+ 27. Kh2
Re8 28. Ng3 Qh4 29. Kg1 Bd4 30. Qd3 Qf4 31. Qf3 Rxe4 32. Qxe4 Bxf2+ 33. Kh1
Qxg3 34. Rg1 Bxg1 35. Rxg1 Qf2 36. Qe1 Qf3+ 37. Kh2 Bf5 0-1

[Event "51st National Challengers (National â€˜Bâ€™) Chess Cha"]
[Site "Bhopal, Madhya Pradesh-India"]
[Date "2013.10.15"]
[Round "4"]
[Board "3"]
[White "Kulkarni, Vikramaditya"]
[Black "Karthikeyan, Murali"]
[Result "1/2-1/2"]
[WhiteElo "2335"]
[BlackElo "2444"]
[PlyCount "73"]
[EventDate "2013.10.12"]
[EventRounds "13"]
[EventCountry "IND"]

1. e4 c5 2. Nf3 e6 3. d3 Nc6 4. g3 d6 5. Bg2 Nf6 6. O-O Be7 7. Re1 O-O 8. c3 e5
9. a3 a5 10. a4 h6 11. Na3 Be6 12. b3 Re8 13. Bb2 Bf8 14. Rc1 d5 15. exd5 Bxd5
16. c4 Bxf3 17. Bxf3 Nd4 18. Bxb7 Rb8 19. Bg2 Rxb3 20. Bxd4 Rxa3 21. Bxe5 Rxd3
22. Qc2 Rd2 23. Qf5 Re6 24. Bc3 Rxe1+ 25. Rxe1 Rd1 26. Bf1 Rxe1 27. Bxe1 Qe8
28. Bxa5 Qxa4 29. Bc3 Qc6 30. Bd3 Be7 31. Bxf6 Bxf6 32. Be4 g6 33. Qf4 Qe6 34.
Bd5 Qe1+ 35. Kg2 Kg7 36. Qc7 Qe7 37. Qxe7 1/2-1/2

[Event "51st National Challengers (National â€˜Bâ€™) Chess Cha"]
[Site "Bhopal, Madhya Pradesh-India"]
[Date "2013.10.15"]
[Round "4"]
[Board "4"]
[White "Shyam, Nikil P."]
[Black "Aravindh, Chithambaram Vr."]
[Result "1/2-1/2"]
[WhiteElo "2412"]
[BlackElo "2346"]
[PlyCount "81"]
[EventDate "2013.10.12"]
[EventRounds "13"]
[EventCountry "IND"]

1. Nf3 d5 2. d4 Nf6 3. c4 e6 4. g3 Bb4+ 5. Bd2 Be7 6. Bg2 O-O 7. O-O c6 8. Qc2
Nbd7 9. Bf4 Nh5 10. Bc1 f5 11. b3 Bd6 12. Ba3 Bxa3 13. Nxa3 Qe7 14. Qb2 b6 15.
b4 Bb7 16. cxd5 exd5 17. e3 Nhf6 18. Nc2 a5 19. a3 Rfe8 20. Rfc1 Qd6 21. Nce1
a4 22. Nd3 Ba6 23. Nde5 Rac8 24. Qc2 b5 25. Qxf5 Nb6 26. Nd3 Rc7 27. Qf4 Qd8
28. Nfe5 Nc4 29. g4 Rf8 30. Qg3 Bc8 31. h3 g5 32. Nc5 h5 33. Nxc4 dxc4 34. Ne4
Nxe4 35. Bxe4 h4 36. Qg2 Qd6 37. Rc2 Be6 38. Qh2 Qd8 39. Re1 Bd5 40. Bf5 Re7
41. Rd2 1/2-1/2

[Event "51st National Challengers (National â€˜Bâ€™) Chess Cha"]
[Site "Bhopal, Madhya Pradesh-India"]
[Date "2013.10.15"]
[Round "4"]
[Board "5"]
[White "Akshat, Khamparia"]
[Black "Girinath, P.D.S."]
[Result "1-0"]
[WhiteElo "2384"]
[BlackElo "2333"]
[PlyCount "105"]
[EventDate "2013.10.12"]
[EventRounds "13"]
[EventCountry "IND"]

1. d4 e6 2. c4 f5 3. g3 Nf6 4. Bg2 a5 5. Nh3 d6 6. O-O Be7 7. b3 O-O 8. Bb2 c6
9. Nc3 Na6 10. Qd2 Rb8 11. Rae1 d5 12. c5 e5 13. dxe5 Ng4 14. Rc1 Nxc5 15. f3
Nh6 16. Nf4 Ne6 17. Na4 Nf7 18. Nxe6 Bxe6 19. Bd4 Ra8 20. Nc5 Bc8 21. f4 Qe8
22. Na4 Ra6 23. Qb2 Nd8 24. Bxd5+ Ne6 25. Bf3 Nxd4 26. Qxd4 Ba3 27. Rc2 Qe7 28.
Rd1 Be6 29. Nc5 Raa8 30. Qd6 Qf7 31. Kg2 Rfe8 32. Qd4 Re7 33. Rcd2 h6 34. Rd3
Kh8 35. Nxe6 Qxe6 36. e4 g6 37. exf5 gxf5 38. Qb6 a4 39. Rd8+ Rxd8 40. Qxd8+
Kg7 41. Qa5 Rd7 42. Rxd7+ Qxd7 43. bxa4 Bb2 44. Qb4 Bc1 45. Qc3 Qd2+ 46. Qxd2
Bxd2 47. Bh5 c5 48. Bf3 b6 49. Bd5 Bc3 50. Bc4 Bd2 51. Kf3 h5 52. Bd3 Kg6 53.
h3 1-0

[Event "51st National Challengers (National â€˜Bâ€™) Chess Cha"]
[Site "Bhopal, Madhya Pradesh-India"]
[Date "2013.10.15"]
[Round "4"]
[Board "6"]
[White "Ravichandran, Siddharth"]
[Black "Padmini, Rout"]
[Result "1/2-1/2"]
[WhiteElo "2372"]
[BlackElo "2330"]
[PlyCount "129"]
[EventDate "2013.10.12"]
[EventRounds "13"]
[EventCountry "IND"]

1. e4 c5 2. Nf3 Nc6 3. Bb5 d6 4. Bxc6+ bxc6 5. O-O Bg4 6. h3 Bh5 7. e5 e6 8.
exd6 Bxd6 9. d3 Ne7 10. Nbd2 O-O 11. Re1 Qd7 12. Ne5 Bxd1 13. Nxd7 Rfd8 14.
Rxd1 Rxd7 15. Nc4 Nd5 16. Re1 Nb6 17. Nxd6 Rxd6 18. Be3 Nd7 19. b3 f6 20. Kf1
Kf7 21. Ke2 e5 22. g4 Re6 23. Kd2 Ke7 24. f4 Kd6 25. fxe5+ fxe5 26. Rf1 Rf6 27.
Bg5 Rff8 28. Ke3 Ke6 29. Ke2 Kd5 30. Rab1 Rae8 31. Be3 Nb6 32. c4+ Kd6 33. Rxf8
Rxf8 34. b4 Nd7 35. Bxc5+ Nxc5 36. bxc5+ Kxc5 37. Rb7 g5 38. Rxa7 e4 39. Rxh7
Ra8 40. Ke3 exd3 41. Kxd3 Rxa2 42. Rh6 Ra6 43. Ke4 Kxc4 44. Rg6 Kb4 45. Rxg5 c5
46. h4 c4 47. Rg8 Rc6 48. Rb8+ Ka3 49. Rb1 c3 50. h5 c2 51. Rg1 Rb6 52. Rc1 Kb2
53. Rxc2+ Kxc2 54. g5 Rb4+ 55. Kf5 Rb5+ 56. Kf6 Rb6+ 57. Kg7 Kd3 58. h6 Ke4 59.
h7 Rb7+ 60. Kg6 Rb6+ 61. Kg7 Rb7+ 62. Kh6 Rb8 63. Kg7 Rb7+ 64. Kg6 Rb6+ 65. Kg7
1/2-1/2

[Event "51st National Challengers (National â€˜Bâ€™) Chess Cha"]
[Site "Bhopal, Madhya Pradesh-India"]
[Date "2013.10.15"]
[Round "4"]
[Board "7"]
[White "Konguvel, Ponnuswamy"]
[Black "Vaishali, R"]
[Result "1-0"]
[WhiteElo "2366"]
[BlackElo "1988"]
[PlyCount "157"]
[EventDate "2013.10.12"]
[EventRounds "13"]
[EventCountry "IND"]

1. e4 e5 2. Nf3 Nc6 3. Bb5 Nge7 4. c3 d6 5. d4 Bd7 6. O-O Ng6 7. d5 Nb8 8. c4
Be7 9. Nc3 O-O 10. Bxd7 Nxd7 11. g3 f5 12. exf5 Rxf5 13. Ne4 h6 14. Be3 Qf8 15.
Nfd2 c5 16. dxc6 bxc6 17. Qa4 Qc8 18. Rac1 Qb7 19. b4 d5 20. cxd5 cxd5 21. Nc5
Nxc5 22. Bxc5 Bg5 23. Qc2 Qf7 24. Be3 Be7 25. Bc5 Rf8 26. f3 Rg5 27. Kh1 Qe6
28. Rg1 Qh3 29. Qb3 e4 30. Nxe4 Rh5 31. Rg2 Kh8 32. Nd2 Re5 33. Bd4 Re6 34. a3
Qf5 35. Qc3 Rf7 36. Qc2 Re1+ 37. Rg1 Rxc1 38. Rxc1 Qh5 39. Qd3 Bd6 40. Rc8+ Kh7
41. Rc6 Bxg3 42. Qxg6+ Qxg6 43. Rxg6 Kxg6 44. hxg3 Re7 45. Nb3 Re1+ 46. Kg2
Re2+ 47. Kh3 Ra2 48. Bxa7 Rxa3 49. Na5 Kf7 50. Nc6 Ke8 51. b5 Kd7 52. Bd4 g5
53. Kg4 Rb3 54. Ne5+ Kd6 55. Nf7+ Ke6 56. Nxh6 Rxb5 57. Kxg5 Rb3 58. Kf4 Rb4
59. Nf5 Rb3 60. Be5 Rb1 61. Nd4+ Kf7 62. Kf5 Rf1 63. g4 Rg1 64. g5 Rg2 65. f4
Rg3 66. Bf6 Rc3 67. g6+ Kg8 68. Ke5 Rg3 69. Nf5 Rxg6 70. Ne7+ Kf7 71. Nxg6 Kxg6
72. Bg5 d4 73. Kxd4 Kh5 74. Ke5 Kg6 75. Bh4 Kh5 76. f5 Kxh4 77. f6 Kg4 78. f7
Kf3 79. f8=Q+ 1-0

[Event "51st National Challengers (National â€˜Bâ€™) Chess Cha"]
[Site "Bhopal, Madhya Pradesh-India"]
[Date "2013.10.15"]
[Round "4"]
[Board "8"]
[White "Mehar, Chinna Reddy C.H."]
[Black "Adhiban, B."]
[Result "0-1"]
[WhiteElo "2339"]
[BlackElo "2587"]
[PlyCount "50"]
[EventDate "2013.10.12"]
[EventRounds "13"]
[EventCountry "IND"]

1. d4 Nf6 2. Nf3 e6 3. c4 d5 4. Nc3 c6 5. e3 Nbd7 6. Qc2 b6 7. Be2 Bb7 8. O-O
dxc4 9. Bxc4 c5 10. Ne5 Rc8 11. Qe2 Bd6 12. f4 O-O 13. a3 Qe7 14. b3 Nd5 15.
Nxd5 exd5 16. Bd3 cxd4 17. Nxd7 Qxd7 18. exd4 Rfe8 19. Qf3 Qe7 20. Qh3 h6 21.
Qf5 g6 22. Qg4 h5 23. Qd1 Qf6 24. Ra2 Qxd4+ 25. Kh1 Rxc1 0-1

[Event "51st National Challengers (National â€˜Bâ€™) Chess Cha"]
[Site "Bhopal, Madhya Pradesh-India"]
[Date "2013.10.15"]
[Round "4"]
[Board "9"]
[White "Lalith, Babu M.R."]
[Black "Gusain, Himal"]
[Result "1/2-1/2"]
[WhiteElo "2583"]
[BlackElo "2307"]
[PlyCount "64"]
[EventDate "2013.10.12"]
[EventRounds "13"]
[EventCountry "IND"]

1. Nf3 d5 2. d4 Nf6 3. c4 e6 4. Nc3 Be7 5. cxd5 exd5 6. Bg5 Nbd7 7. e3 O-O 8.
Bd3 Re8 9. O-O Nf8 10. Qc2 Ng6 11. Ne5 c6 12. f4 Ng4 13. Bxe7 Qxe7 14. Nxg4
Bxg4 15. Rae1 Nf8 16. f5 f6 17. Qb3 Bh5 18. e4 Qc7 19. exd5 Bf7 20. Be4 Red8
21. Bf3 Rd7 22. Re6 cxd5 23. Nxd5 Qa5 24. Ne3 Rxd4 25. Qxb7 Rad8 26. Ra6 Qd2
27. Ra3 R8d7 28. Qb8 Rb4 29. Qc8 Qxb2 30. Rc3 Rb8 31. Qc5 Rb5 32. Qc8 Rb8
1/2-1/2

[Event "51st National Challengers (National â€˜Bâ€™) Chess Cha"]
[Site "Bhopal, Madhya Pradesh-India"]
[Date "2013.10.15"]
[Round "4"]
[Board "10"]
[White "Saravana, Krishnan P."]
[Black "Sethuraman, S.P."]
[Result "0-1"]
[WhiteElo "2323"]
[BlackElo "2566"]
[PlyCount "80"]
[EventDate "2013.10.12"]
[EventRounds "13"]
[EventCountry "IND"]

1. e4 c5 2. Nf3 e6 3. g3 Nc6 4. Bg2 Nf6 5. Qe2 Be7 6. e5 Nd5 7. Nc3 Ndb4 8. d3
Nd4 9. Nxd4 cxd4 10. Ne4 Nc6 11. f4 O-O 12. O-O d6 13. exd6 Bxd6 14. c4 Re8 15.
Nxd6 Qxd6 16. Bd2 Bd7 17. b4 a6 18. c5 Qc7 19. a4 Ne7 20. Qe5 Qxe5 21. fxe5 Bc6
22. Rf4 Rad8 23. Be4 Bxe4 24. Rxe4 Rd5 25. Bf4 h6 26. g4 Nc6 27. Rb1 Rc8 28.
Bg3 Rc7 29. b5 Ne7 30. bxa6 bxa6 31. Rb8+ Kh7 32. Ra8 Nc6 33. Rxa6 Rxc5 34. Re2
Rb7 35. Ra8 Rb3 36. Rf8 Rxd3 37. Rxf7 Rd1+ 38. Kg2 d3 39. Re3 Rd5 40. Rff3 d2
0-1

[Event "51st National Challengers (National â€˜Bâ€™) Chess Cha"]
[Site "Bhopal, Madhya Pradesh-India"]
[Date "2013.10.15"]
[Round "4"]
[Board "11"]
[White "Debashis, Das"]
[Black "Murali Krishnan, B.T."]
[Result "1/2-1/2"]
[WhiteElo "2497"]
[BlackElo "2306"]
[PlyCount "44"]
[EventDate "2013.10.12"]
[EventRounds "13"]
[EventCountry "IND"]

1. e4 e6 2. d4 d5 3. Nc3 dxe4 4. Nxe4 Bd7 5. Nf3 Bc6 6. Bd3 Nd7 7. O-O Be7 8.
Re1 Ngf6 9. Ng3 O-O 10. c4 b6 11. a3 Bb7 12. Qe2 Re8 13. b4 a5 14. Rb1 axb4 15.
axb4 Ra4 16. Bd2 Qa8 17. Bc2 Ra3 18. Bb3 Nf8 19. Bc1 Ra7 20. Bd2 Ra3 21. Bc1
Ra7 22. Bd2 Ra3 1/2-1/2

[Event "51st National Challengers (National â€˜Bâ€™) Chess Cha"]
[Site "Bhopal, Madhya Pradesh-India"]
[Date "2013.10.15"]
[Round "4"]
[Board "13"]
[White "Swapnil, S. Dhopade"]
[Black "Prakash, G B"]
[Result "1/2-1/2"]
[WhiteElo "2471"]
[BlackElo "2255"]
[PlyCount "93"]
[EventDate "2013.10.12"]
[EventRounds "13"]
[EventCountry "IND"]

1. d4 e6 2. Nf3 Nf6 3. c4 Bb4+ 4. Bd2 Bxd2+ 5. Qxd2 d5 6. g3 O-O 7. Bg2 Qe7 8.
O-O Rd8 9. Qc2 b6 10. Rc1 c6 11. Nbd2 Bb7 12. c5 Nbd7 13. b4 a5 14. a3 axb4 15.
axb4 Qf8 16. cxb6 Qxb4 17. Rab1 Qa4 18. Nb3 Ra6 19. Nc5 Qxc2 20. Rxc2 Nxc5 21.
dxc5 Nd7 22. e4 Rda8 23. exd5 Ra1 24. Rbc1 exd5 25. Bh3 Nf6 26. Nd4 g6 27. Nb5
Ne4 28. Na7 Rxc1+ 29. Rxc1 f5 30. Bg2 Kf7 31. f3 Nd2 32. Kf2 Re8 33. Rc2 Nb3
34. Bf1 Nd4 35. Ra2 Nb3 36. Rc2 Nd4 37. Rc3 g5 38. Ra3 g4 39. fxg4 fxg4 40. Ba6
Bxa6 41. Rxa6 Re2+ 42. Kf1 Rb2 43. Nc8 Nb3 44. Ra7+ Kf6 45. Rc7 Nxc5 46. Rxc6+
Ne6 47. Ke1 1/2-1/2

[Event "51st National Challengers (National â€˜Bâ€™) Chess Cha"]
[Site "Bhopal, Madhya Pradesh-India"]
[Date "2013.10.15"]
[Round "4"]
[Board "14"]
[White "Neelotpal, Das"]
[Black "Prasenjit, Datta"]
[Result "1-0"]
[WhiteElo "2455"]
[BlackElo "2253"]
[PlyCount "47"]
[EventDate "2013.10.12"]
[EventRounds "13"]
[EventCountry "IND"]

1. c4 Nf6 2. Nc3 e6 3. e4 d5 4. e5 d4 5. exf6 dxc3 6. bxc3 Qxf6 7. Nf3 c5 8. d4
h6 9. Bd3 Nc6 10. O-O cxd4 11. cxd4 Nxd4 12. Nxd4 Qxd4 13. Rb1 Be7 14. Bb2 Qf4
15. g3 Qc7 16. Bxg7 Rg8 17. Bxh6 Bd7 18. Be4 Bc6 19. Qf3 Bxe4 20. Qxe4 O-O-O
21. Be3 Rd7 22. Bxa7 Qa5 23. Be3 Qa4 24. Rb5 1-0

[Event "51st National Challengers (National â€˜Bâ€™) Chess Cha"]
[Site "Bhopal, Madhya Pradesh-India"]
[Date "2013.10.15"]
[Round "4"]
[Board "15"]
[White "Gagare, Shardul"]
[Black "Shashikant, Kutwal"]
[Result "1-0"]
[WhiteElo "2443"]
[BlackElo "2239"]
[PlyCount "73"]
[EventDate "2013.10.12"]
[EventRounds "13"]
[EventCountry "IND"]

1. c4 Nf6 2. g3 g6 3. Bg2 Bg7 4. Nc3 O-O 5. Nf3 d6 6. d4 Nc6 7. O-O a6 8. Bf4
Rb8 9. Rc1 b5 10. Nd5 bxc4 11. Nxf6+ exf6 12. Rxc4 Nb4 13. d5 a5 14. a3 Na6 15.
Qd2 Nc5 16. Nd4 Bd7 17. b4 axb4 18. axb4 Na4 19. Rfc1 Rb7 20. Qc2 f5 21. Ne6
fxe6 22. dxe6 Bxe6 23. Bxb7 Bxc4 24. Qxc4+ Kh8 25. Qxc7 Qxc7 26. Rxc7 Be5 27.
Bd2 Rb8 28. Bd5 Nb6 29. Be6 d5 30. Rc5 Rd8 31. Rc6 Nc4 32. Bg5 Re8 33. Bxd5 Nb6
34. Be6 Kg7 35. b5 Na8 36. Bc4 h6 37. Be3 1-0

[Event "51st National Challengers (National â€˜Bâ€™) Chess Cha"]
[Site "Bhopal, Madhya Pradesh-India"]
[Date "2013.10.15"]
[Round "4"]
[Board "16"]
[White "Singh, D.P."]
[Black "Swayams, Mishra"]
[Result "0-1"]
[WhiteElo "2276"]
[BlackElo "2434"]
[PlyCount "58"]
[EventDate "2013.10.12"]
[EventRounds "13"]
[EventCountry "IND"]

1. d4 e6 2. Nf3 c5 3. e3 b6 4. Bd3 Bb7 5. O-O Nf6 6. Nbd2 Qc7 7. Re1 Nc6 8. a3
Be7 9. c3 g5 10. Nxg5 Rg8 11. f4 h6 12. Nge4 cxd4 13. cxd4 Nd5 14. Nf3 h5 15.
Ng3 f5 16. Nxh5 O-O-O 17. Bd2 Kb8 18. b4 Rh8 19. Ng3 Rdg8 20. Qb3 Bf6 21. a4
Nxf4 22. exf4 Nxd4 23. Nxd4 Bxd4+ 24. Be3 Qxf4 25. Bf1 Bxe3+ 26. Rxe3 Qh4 27.
Re2 Qxh2+ 28. Kf2 Qh4 29. Qe3 f4 0-1

[Event "51st National Challengers (National â€˜Bâ€™) Chess Cha"]
[Site "Bhopal, Madhya Pradesh-India"]
[Date "2013.10.15"]
[Round "4"]
[Board "18"]
[White "Laxman, R.R."]
[Black "Prince, Bajaj"]
[Result "1/2-1/2"]
[WhiteElo "2424"]
[BlackElo "2230"]
[PlyCount "148"]
[EventDate "2013.10.12"]
[EventRounds "13"]
[EventCountry "IND"]

1. d4 Nf6 2. Nf3 e6 3. e3 b6 4. Bd3 Bb7 5. O-O c5 6. c4 Be7 7. Nc3 d5 8. cxd5
exd5 9. Bb5+ Nbd7 10. Ne5 O-O 11. Bc6 Bxc6 12. Nxc6 Qe8 13. Qf3 Bd6 14. Nxd5
Qe6 15. dxc5 bxc5 16. Nf4 Bxf4 17. exf4 Rfc8 18. Na5 c4 19. f5 Qd5 20. Qxd5
Nxd5 21. Rd1 N5f6 22. Bg5 Rab8 23. Rd4 Rxb2 24. Bxf6 Nxf6 25. Nxc4 Rb4 26. Rc1
h5 27. f3 Rb2 28. Nxb2 Rxc1+ 29. Nd1 Rc5 30. Ne3 Rc3 31. Kf2 Ra3 32. Rd8+ Kh7
33. Rd2 h4 34. Nc4 Ra4 35. Nd6 g6 36. Ke3 Kg7 37. fxg6 fxg6 38. Nb5 a6 39. Nc3
Rc4 40. Kd3 Rc6 41. Rb2 g5 42. Ne4 Kg6 43. Nxf6 Kxf6 44. Kd4 Kf5 45. g3 Rd6+
46. Ke3 Re6+ 47. Kf2 Rc6 48. Kg2 Rc3 49. Rf2 hxg3 50. hxg3 Ra3 51. Rc2 Kf6 52.
Kh3 Kf5 53. Kg2 Kg6 54. Rb2 Kf5 55. Rd2 Kg6 56. Rd6+ Kg7 57. Rd2 Kg6 58. g4 Kf6
59. Kg3 Kg6 60. Rh2 Kg7 61. Rc2 Kg6 62. Kf2 Kf6 63. Ke2 Kg6 64. Kf2 Kf6 65. Kg3
Kg6 66. Rf2 Kf6 67. Rb2 Kg6 68. Rc2 Kf6 69. Kf2 Kg7 70. Ke2 Kg6 71. Rd2 Kg7 72.
Rd6 Rxa2+ 73. Ke3 Ra4 74. Rb6 Kf7 1/2-1/2

[Event "51st National Challengers (National â€˜Bâ€™) Chess Cha"]
[Site "Bhopal, Madhya Pradesh-India"]
[Date "2013.10.15"]
[Round "4"]
[Board "19"]
[White "Thejkumar, M. S."]
[Black "Abhishek, Das"]
[Result "1-0"]
[WhiteElo "2421"]
[BlackElo "2228"]
[PlyCount "69"]
[EventDate "2013.10.12"]
[EventRounds "13"]
[EventCountry "IND"]

1. d4 d5 2. c4 c6 3. Nf3 Nf6 4. Qc2 dxc4 5. e4 b5 6. b3 cxb3 7. axb3 e6 8. Bd2
a5 9. Bd3 Be7 10. O-O Bb7 11. Rc1 Nbd7 12. Nc3 e5 13. dxe5 Ng4 14. Bf4 Qb8 15.
Nxb5 Ngxe5 16. Nxe5 Nxe5 17. Nd4 Nf3+ 18. Nxf3 Qxf4 19. e5 h5 20. Qe2 c5 21.
Bb5+ Kf8 22. Rc3 g5 23. Ra4 Bxf3 24. Qe1 Qxa4 25. bxa4 Bb7 26. Rd3 Rh6 27. Bc4
Rb6 28. h3 Rb4 29. Qc3 Bc6 30. e6 f6 31. Bd5 Bxd5 32. Rxd5 Rxa4 33. Qc2 Ra1+
34. Kh2 Kg7 35. Rd7 1-0

[Event "51st National Challengers (National â€˜Bâ€™) Chess Cha"]
[Site "Bhopal, Madhya Pradesh-India"]
[Date "2013.10.15"]
[Round "4"]
[Board "20"]
[White "Himanshu, Sharma"]
[Black "Visakh, Nr"]
[Result "0-1"]
[WhiteElo "2391"]
[BlackElo "2218"]
[PlyCount "64"]
[EventDate "2013.10.12"]
[EventRounds "13"]
[EventCountry "IND"]

1. d4 Nf6 2. c4 e6 3. Nc3 d5 4. cxd5 exd5 5. Bg5 Be7 6. e3 O-O 7. Bd3 Nbd7 8.
Qc2 b6 9. Nge2 Bb7 10. Ng3 h6 11. h4 Re8 12. O-O-O Bd6 13. Bxf6 Nxf6 14. Nf5
Bf8 15. h5 Ne4 16. g4 Qd7 17. f4 Rac8 18. Kb1 a6 19. Bxe4 dxe4 20. d5 c6 21.
Nxe4 cxd5 22. Nxh6+ Kh8 23. Qd3 Rxe4 24. Qxe4 gxh6 25. Qd3 d4 26. Rhg1 Qe6 27.
Qxd4+ Bg7 28. f5 Qe4+ 29. Qxe4 Bxe4+ 30. Ka1 Rc2 31. Rd8+ Kh7 32. Rb1 Bxb2+ 0-1

[Event "51st National Challengers (National â€˜Bâ€™) Chess Cha"]
[Site "Bhopal, Madhya Pradesh-India"]
[Date "2013.10.15"]
[Round "4"]
[Board "21"]
[White "Koshy, Varugeese"]
[Black "Sharma, Dinesh K."]
[Result "1/2-1/2"]
[WhiteElo "2245"]
[BlackElo "2390"]
[PlyCount "26"]
[EventDate "2013.10.12"]
[EventRounds "13"]
[EventCountry "IND"]

1. c4 e6 2. Nf3 Nf6 3. Nc3 d5 4. e3 c6 5. d4 Nbd7 6. Bd3 dxc4 7. Bxc4 b5 8. Bb3
a6 9. a4 b4 10. Ne4 Bb7 11. O-O c5 12. Nxc5 Nxc5 13. dxc5 Bxc5 1/2-1/2

[Event "51st National Challengers (National â€˜Bâ€™) Chess Cha"]
[Site "Bhopal, Madhya Pradesh-India"]
[Date "2013.10.15"]
[Round "4"]
[Board "22"]
[White "Negi, Virender Singh"]
[Black "Stany, G.A."]
[Result "1/2-1/2"]
[WhiteElo "2094"]
[BlackElo "2388"]
[PlyCount "51"]
[EventDate "2013.10.12"]
[EventRounds "13"]
[EventCountry "IND"]

1. Nf3 Nf6 2. g3 b6 3. Bg2 Bb7 4. O-O c5 5. d3 e6 6. e4 d6 7. Re1 Nbd7 8. Nbd2
Qc7 9. Nf1 g6 10. Bf4 Bg7 11. c3 O-O 12. a4 e5 13. Bg5 c4 14. N3d2 cxd3 15. Qf3
d5 16. Bxf6 Nxf6 17. Qxd3 Nxe4 18. Nxe4 dxe4 19. Bxe4 Rad8 20. Qe2 Bc8 21. Ne3
f5 22. Bd5+ Kh8 23. c4 e4 24. Ng2 Rfe8 25. Rad1 Be5 26. b3 1/2-1/2